000 00554 a2200157 4500
999 _c4721
_d4721
010 _aENG-86516
020 _c60.00
_a8178123568
035 _aEN-70049
037 _bDBAD / PUB
082 1 4 _a929.81
245 1 _aReader's Delight :
_bthe nobel laureates /
_ccompiled & edited by Anjani A.Gupta
260 _aNew Delhi
_bReader's Delight (an imprint of Ramesh Publishing House)
_c[200?]
270 _a12-H, New Daryaganj Road, Opp. Traffic Kotwali
_bNew Delhi
_e110 002
300 _a144p
_c22cm (pbk)
942 _adpl
_cEN
_2ddc
_h929.81
_mREA